00883nam a2200241 a 450000100060000000300080000600500170001400800410003102000280007203500200010004000270012004100080014708200250015524501130018026000350029330000350032850400510036365000660041470000260048070000200050671000690052683000460059558546BD-RjUL20211209080632.0161219s1998 nyua b 101 0 eng  a0851992781 (alk. paper) a(BD-RjUL) 58670 aDLCcDLCdBD-RjULbeng aeng00a338.16223bAGR 199800aAgricultural biotechnology in international development /cedited by Catherine L. Ives and Bruce M. Bedford. aNew York :bCABI Pub.,cc1998. axiii, 354 p. :bill. ;c24 cm. aIncludes bibliographical references and index. 0aAgricultural biotechnologyzDeveloping countriesxCongresses.1 aIves, C.q(Catherine)1 aBedford, Bruce.2 aAgricultural Biotechnology for Sustainable Productivity Project. aBiotechnology in agriculture series ;v21